[Event "Championnat de Paris Open A"]
[Site "Paris"]
[Date "2010.07.09"]
[Round "7.13"]
[White "Lemeille, Francois"]
[Black "Xheladini, Mahmut"]
[Result "1/2-1/2"]
[WhiteElo "1975"]
[BlackElo "2286"]
[PlyCount "174"]
[EventDate "2010.??.??"]

1. e4 c6 2. d3 e5 3. Nf3 Nf6 4. Nbd2 d6 5. g3 h6 6. h3 Be6 7. Bg2 Nbd7 8. O-O
Be7 9. d4 Qc7 10. b3 Nh7 11. c4 Ndf8 12. Bb2 Bf6 13. Qc2 c5 14. dxe5 dxe5 15.
Qc3 Nd7 16. Rfd1 g6 17. Nf1 Ng5 18. Nxg5 hxg5 19. g4 Bg7 20. Ne3 b6 21. Rd2 Qb7
22. Rad1 O-O-O 23. Qd3 Rde8 24. Nd5 f6 25. a3 Kb8 26. b4 Rhf8 27. b5 Rf7 28. a4
Bxd5 29. Qxd5 Qxd5 30. Rxd5 Kc7 31. a5 Nf8 32. a6 Rd7 33. Rxd7+ Nxd7 34. Kf1
Nf8 35. Ke2 Ne6 36. Ke3 Nf4 37. Kf3 Rh8 38. Kg3 Re8 39. Bf1 Bf8 40. Bc1 Ne6 41.
Be3 Bd6 42. Kf3 Be7 43. Rd5 Rh8 44. Kg3 Ng7 45. Bd3 Ne8 46. Kg2 Nd6 47. f3 Kd7
48. Bf2 Ke6 49. Bg3 Bd8 50. Bh2 Bc7 51. Bg3 Ne8 52. Bc2 Bd6 53. Rd1 Ke7 54. Rd5
Nc7 55. Rd2 Ne6 56. Bb1 Bb8 57. Rd1 Nd4 58. Rd2 Ne6 59. Rd5 Nd4 60. Bd3 Rf8 61.
Bh2 Bd6 62. Bg3 Rh8 63. Bb1 Ne6 64. Rd2 Bb8 65. Rd5 Nc7 66. Rd1 Ne8 67. Rd5 Bc7
68. Bc2 Ng7 69. Bd3 Bd6 70. Bb1 Ne6 71. Bc2 Nd4 72. Bd3 Bb8 73. Bh2 Bc7 74. Bg3
Ke6 75. Bf2 Nb3 76. Bb1 Rd8 77. Rxd8 Bxd8 78. Be3 Kd6 79. Kf2 Na5 80. Ba2 Ke6
81. Bd2 Bc7 82. Kg3 Bd8 83. h4 gxh4+ 84. Kxh4 g5+ 85. Kh5 Kf7 86. Kh6 Bc7 87.
Kh7 Bd8 1/2-1/2

[Event "Championnat de Paris Open A"]
[Site "Paris"]
[Date "2010.07.09"]
[Round "7.14"]
[White "Marchadour, Claire"]
[Black "Aguirre, Simon"]
[Result "1/2-1/2"]
[WhiteElo "2072"]
[BlackElo "2290"]
[PlyCount "90"]
[EventDate "2010.??.??"]

1. e4 c5 2. Nf3 e6 3. d4 cxd4 4. Nxd4 Nc6 5. Nb5 d6 6. Bf4 e5 7. Be3 a6 8. N5c3
Nf6 9. Bg5 Be7 10. Bxf6 Bxf6 11. Nd5 Bg5 12. Nd2 Be6 13. Nc4 b5 14. Nce3 O-O
15. c3 g6 16. Bd3 f5 17. f3 Bxe3 18. Nxe3 f4 19. Nd5 Qh4+ 20. Ke2 Bxd5 21. exd5
Ne7 22. Be4 Kh8 23. Qe1 Qf6 24. Qf2 Rfc8 25. Rhc1 Rc5 26. b4 Rc4 27. Qb6 Nf5
28. a4 bxa4 29. Rxa4 Qg5 30. Bxf5 gxf5 31. Qxd6 Qxg2+ 32. Kd3 Rd4+ 33. cxd4 e4+
34. Kc3 Rc8+ 35. Qc6 Qxf3+ 36. Kb2 Rxc6 37. dxc6 Qf2+ 38. Kb3 Qf3+ 39. Kb2 Qf2+
40. Kb1 Qxd4 41. c7 Qd3+ 42. Kb2 Qd2+ 43. Rc2 Qd4+ 44. Rc3 Qd2+ 45. Kb3 Qd1+
1/2-1/2

[Event "Championnat de Paris Open A"]
[Site "Paris"]
[Date "2010.07.09"]
[Round "7.15"]
[White "Van Zutphen, Jimmy"]
[Black "Favier, Alain"]
[Result "0-1"]
[WhiteElo "2203"]
[BlackElo "2090"]
[PlyCount "70"]
[EventDate "2010.??.??"]

1. d4 Nf6 2. c3 g6 3. Bg5 Bg7 4. Nd2 d6 5. e3 Nbd7 6. Bd3 c5 7. Ne2 O-O 8. O-O
b6 9. Qe1 Bb7 10. f3 Qc8 11. Qf2 Ba6 12. Bc2 Qc6 13. Rae1 Rac8 14. Bb3 Bd3 15.
Qh4 c4 16. Bd1 Rfe8 17. Rf2 Qb5 18. b4 cxb3 19. axb3 Qa5 20. e4 Bxe2 21. Rfxe2
Qxc3 22. e5 dxe5 23. dxe5 Nd5 24. e6 fxe6 25. Qh3 Nc5 26. Rxe6 Nd3 27. Qg4 Nxe1
28. Rxe1 Qd4+ 29. Qxd4 Bxd4+ 30. Kf1 Kg7 31. Ne4 h6 32. Bd2 Bc3 33. Kf2 Bxd2
34. Nxd2 Rc1 35. Re5 Nf4 0-1

[Event "Championnat de Paris Open A"]
[Site "Paris"]
[Date "2010.07.09"]
[Round "7.16"]
[White "Santamaria, Jorge"]
[Black "Vicente, Marcel"]
[Result "1-0"]
[WhiteElo "2157"]
[BlackElo "2088"]
[PlyCount "123"]
[EventDate "2010.??.??"]

1. c4 e5 2. g3 c5 3. Bg2 Nc6 4. Nc3 g6 5. a3 Bg7 6. b4 d6 7. bxc5 dxc5 8. Bxc6+
bxc6 9. Rb1 f5 10. Na4 Qa5 11. Kf1 Nf6 12. d3 Nd7 13. Bd2 Qc7 14. Bc3 O-O 15.
Kg2 Ba6 16. Nh3 Qd6 17. f3 Rad8 18. Nf2 Qe7 19. Qc1 Rfe8 20. Bd2 Bf6 21. Be3 g5
22. Bd2 h5 23. h3 Kf7 24. g4 f4 25. Ne4 Rh8 26. Qc3 Bc8 27. Qa5 a6 28. Naxc5
Nxc5 29. Nxc5 Rh6 30. Ne4 Rdh8 31. Bb4 Qa7 32. Bc5 Qd7 33. Bd6 Re8 34. Qc7 Qxc7
35. Bxc7 Reh8 36. Nd6+ Ke6 37. Nxc8 Rxc8 38. Ba5 Be7 39. a4 Bc5 40. Rb7 Rch8
41. Bb6 Be3 42. a5 hxg4 43. fxg4 c5 44. Ra7 e4 45. Rxa6 Ke5 46. Bc7+ Kd4 47.
Rxh6 Rxh6 48. dxe4 Kxe4 49. Rd1 Bd4 50. Rd3 f3+ 51. Rxf3 Rc6 52. Rf7 Be3 53.
Rd7 Ra6 54. Bb6 Ra8 55. Rd8 Ra6 56. Kg3 Bf4+ 57. Kf2 Be3+ 58. Kg2 Bf4 59. Rd5
Be3 60. Bxc5 Rxa5 61. Bxe3 Rxd5 62. cxd5 1-0

[Event "Championnat de Paris Open A"]
[Site "Paris"]
[Date "2010.07.09"]
[Round "7.17"]
[White "Plane, Boris"]
[Black "Mayer, Philippe"]
[Result "1-0"]
[WhiteElo "2140"]
[BlackElo "2078"]
[PlyCount "65"]
[EventDate "2010.??.??"]

1. e4 c5 2. Nf3 d6 3. d4 cxd4 4. Nxd4 Nf6 5. Nc3 e6 6. Be2 Be7 7. O-O O-O 8.
Be3 Nc6 9. f4 Bd7 10. g4 Nxd4 11. Bxd4 e5 12. fxe5 dxe5 13. Bxe5 Qb6+ 14. Kh1
Bc6 15. Nd5 Nxd5 16. exd5 Rad8 17. c4 Bc5 18. Bd3 Rfe8 19. Bc3 Re3 20. b4 Rh3
21. bxc5 Qxc5 22. Kg2 Bxd5+ 23. cxd5 Rxd3 24. Rf3 Rxf3 25. Qxf3 Kh8 26. Rc1 Qa3
27. Qe4 Qxa2+ 28. Kf1 Qxh2 29. Rc2 Qh3+ 30. Kg1 f5 31. Qxf5 Re8 32. Bxg7+ Kxg7
33. Rc7+ 1-0

[Event "Championnat de Paris Open A"]
[Site "Paris"]
[Date "2010.07.09"]
[Round "7.18"]
[White "Arndt, Uwe"]
[Black "Anes, Emmanuel"]
[Result "0-1"]
[WhiteElo "2049"]
[BlackElo "2139"]
[PlyCount "60"]
[EventDate "2010.??.??"]

1. d4 Nf6 2. c4 Nc6 3. Nc3 e5 4. d5 Ne7 5. e4 Ng6 6. a3 Bc5 7. h3 O-O 8. Nf3 d6
9. g3 c6 10. Bg2 cxd5 11. cxd5 Bd7 12. b4 Bb6 13. Bg5 h6 14. Bd2 Rc8 15. Qe2
Re8 16. O-O a6 17. a4 Bd4 18. Rfc1 Qb6 19. a5 Qa7 20. Be3 Bxe3 21. fxe3 Rc7 22.
Nd2 Rec8 23. Na2 Bb5 24. Qe1 Rc2 25. Rxc2 Rxc2 26. Nc1 Qb8 27. Bf1 Bxf1 28.
Kxf1 Qc8 29. g4 Qc3 30. Ra2 Rxc1 0-1

[Event "Championnat de Paris Open A"]
[Site "Paris"]
[Date "2010.07.09"]
[Round "7.19"]
[White "Mircescu, Ovidiu"]
[Black "N'Kada, Alexandre"]
[Result "1-0"]
[WhiteElo "2123"]
[BlackElo "2076"]
[PlyCount "47"]
[EventDate "2010.??.??"]

1. e4 c5 2. Nf3 e6 3. d4 cxd4 4. Nxd4 a6 5. Bd3 Bc5 6. Nb3 Ba7 7. Nc3 Nc6 8.
Qe2 d6 9. Be3 Bxe3 10. Qxe3 Nf6 11. O-O-O O-O 12. g4 b5 13. g5 Ne8 14. f4 Na5
15. e5 d5 16. Ne4 Nc4 17. Qh3 Qb6 18. Rde1 g6 19. Nf6+ Nxf6 20. gxf6 Kh8 21.
Rhg1 Qf2 22. Rgf1 Qa7 23. Qh6 Rg8 24. Rf3 1-0

[Event "Championnat de Paris Open A"]
[Site "Paris"]
[Date "2010.07.09"]
[Round "7.20"]
[White "Vallobra, Pierre"]
[Black "Bouton, Christophe"]
[Result "1-0"]
[WhiteElo "2114"]
[BlackElo "2060"]
[PlyCount "59"]
[EventDate "2010.??.??"]

1. d4 Nf6 2. c4 g6 3. Nc3 d5 4. cxd5 Nxd5 5. e4 Nxc3 6. bxc3 Bg7 7. Bc4 c5 8.
Ne2 Nc6 9. Be3 O-O 10. O-O Na5 11. Bd3 Qc7 12. Rc1 b6 13. Qd2 Bb7 14. Bh6 Rad8
15. Bxg7 Kxg7 16. f4 c4 17. Bc2 e5 18. fxe5 Qxe5 19. Qe3 Qe7 20. e5 Nc6 21. Ng3
Nb8 22. Rf6 Kh8 23. Rcf1 Bd5 24. Nh5 Rg8 25. Nf4 Rg7 26. Nxd5 Rxd5 27. e6 Nd7
28. Rxf7 Rxf7 29. Rxf7 Qe8 30. Qh6 1-0

[Event "Championnat de Paris Open A"]
[Site "Paris"]
[Date "2010.07.09"]
[Round "7.21"]
[White "Lazo, Xenia"]
[Black "Reilhac, Philippe"]
[Result "1-0"]
[WhiteElo "2112"]
[BlackElo "2034"]
[PlyCount "93"]
[EventDate "2010.??.??"]

1. d4 Nf6 2. c4 g6 3. Nc3 d5 4. cxd5 Nxd5 5. e4 Nxc3 6. bxc3 Bg7 7. Bc4 O-O 8.
Ne2 Nc6 9. O-O Na5 10. Bd3 b6 11. Be3 e6 12. Rc1 Bb7 13. Qd2 Qe7 14. Bg5 f6 15.
Bh4 Qd7 16. f4 c5 17. Qe3 c4 18. Bb1 f5 19. g4 Rae8 20. Ng3 Rf7 21. Rf2 Nc6 22.
gxf5 exf5 23. e5 Nd8 24. Bxd8 Qxd8 25. Bc2 Qd5 26. Bd1 Qd7 27. Bf3 Bd5 28. Bxd5
Qxd5 29. Qf3 Qd8 30. d5 Bxe5 31. fxe5 Rxe5 32. Rd1 Qd6 33. Nf1 Rd7 34. Ne3 b5
35. Rd4 Qa3 36. Nc2 Qc5 37. Nb4 Qd6 38. Kg2 Kg7 39. Rfd2 g5 40. Nc6 g4 41. Qf4
Re8 42. Qxf5 Kh8 43. Qf4 Qg6 44. Ne5 Qh5 45. Nxd7 Qh3+ 46. Kf2 g3+ 47. Qxg3 1-0

[Event "Championnat de Paris Open A"]
[Site "Paris"]
[Date "2010.07.09"]
[Round "7.22"]
[White "Adjem, Mondher"]
[Black "Kambrath, Yannick"]
[Result "0-1"]
[WhiteElo "2110"]
[BlackElo "2001"]
[PlyCount "58"]
[EventDate "2010.??.??"]

1. d4 Nf6 2. Nc3 d5 3. g3 Bf5 4. Bg2 e6 5. Nf3 h6 6. O-O Be7 7. Nh4 Bh7 8. f4
Ne4 9. Bxe4 dxe4 10. Ng2 Bf6 11. e3 O-O 12. Qh5 Bg6 13. Qb5 Qc8 14. Na4 c6 15.
Qe2 Na6 16. b3 c5 17. Ba3 cxd4 18. Rac1 Rd8 19. exd4 Bxd4+ 20. Kh1 Qc6 21. Be7
Rd7 22. c3 Bb6 23. Nxb6 axb6 24. Bh4 e3 25. Qxe3 Be4 26. Rf2 Nc5 27. Rg1 Bxg2+
28. Rfxg2 Rxa2 29. h3 Rdd2 0-1

[Event "Championnat de Paris Open A"]
[Site "Paris"]
[Date "2010.07.09"]
[Round "7.23"]
[White "Caroff, Frederic"]
[Black "Aflalo, Sophie"]
[Result "0-1"]
[WhiteElo "2106"]
[BlackElo "2008"]
[PlyCount "128"]
[EventDate "2010.??.??"]

1. e4 c5 2. c3 d5 3. exd5 Qxd5 4. d4 Nf6 5. Nf3 Bg4 6. dxc5 Qxc5 7. Na3 a6 8.
Nc4 Nbd7 9. Be3 Qc7 10. h3 Bh5 11. Qe2 e6 12. g4 Bg6 13. Rd1 Ne4 14. Rxd7 Qxd7
15. Nb6 Qd8 16. Nxa8 Qxa8 17. Ne5 Nf6 18. Nxg6 hxg6 19. Bg2 Qc8 20. O-O Bd6 21.
g5 Nd7 22. Qf3 b6 23. Qc6 Ke7 24. Rd1 Qxc6 25. Bxc6 Ne5 26. Bg2 Nc4 27. Bc1 a5
28. b3 Ne5 29. c4 Bc5 30. Bb2 f6 31. Kf1 Nf7 32. gxf6+ gxf6 33. Re1 Ng5 34. Bd5
Rxh3 35. Kg2 Rd3 36. Bc1 Kf7 37. Bc6 Rd6 38. Bb7 Rd7 39. Bc6 Rd6 40. Bb7 Rd4
41. f4 Nh7 42. Rh1 Kg7 43. Be3 Rd3 44. Bc1 Nf8 45. Re1 Bb4 46. Rf1 Nd7 47. Be4
Rd4 48. Bc2 Nc5 49. Be3 Rd7 50. Rd1 Rxd1 51. Bxd1 Bc3 52. Bc2 f5 53. Bf2 e5 54.
fxe5 Bxe5 55. a3 Bc3 56. Kf1 Kf6 57. Be1 Bxe1 58. Kxe1 Ke5 59. b4 axb4 60. axb4
Na6 61. b5 Nc5 62. Bd1 Kd4 63. Be2 Ne4 64. Kd1 Nc3+ 0-1

[Event "Championnat de Paris Open A"]
[Site "Paris"]
[Date "2010.07.09"]
[Round "7.24"]
[White "Le Montagner, Yoann"]
[Black "Elkaim, Olivier"]
[Result "0-1"]
[WhiteElo "2018"]
[BlackElo "2100"]
[PlyCount "56"]
[EventDate "2010.??.??"]

1. e4 c5 2. Nf3 d6 3. d4 cxd4 4. Nxd4 Nf6 5. Nc3 g6 6. Be3 Bg7 7. f3 O-O 8. Bc4
Nc6 9. Qd2 Bd7 10. O-O-O Rc8 11. Bb3 Nxd4 12. Bxd4 b5 13. Kb1 a5 14. e5 dxe5
15. Bxe5 Bc6 16. Qe2 Qb6 17. Nd5 Qb7 18. Bxf6 Bxf6 19. Nxf6+ exf6 20. Qd2 a4
21. Bd5 Bxd5 22. Qxd5 Qc7 23. Qd2 Rfd8 24. Qf2 a3 25. Rxd8+ Rxd8 26. h3 axb2
27. Re1 Qc3 28. Qe3 Rd1+ 0-1

[Event "Championnat de Paris Open A"]
[Site "Paris"]
[Date "2010.07.09"]
[Round "7.25"]
[White "Harrison, Marc"]
[Black "Le Ray, Olivier"]
[Result "1-0"]
[WhiteElo "2100"]
[BlackElo "1927"]
[PlyCount "81"]
[EventDate "2010.??.??"]

1. e4 e6 2. d4 d5 3. Nd2 Nf6 4. e5 Nfd7 5. Bd3 c5 6. c3 Nc6 7. Ne2 cxd4 8. cxd4
f6 9. exf6 Nxf6 10. Nf3 Bd6 11. O-O Qc7 12. Bg5 O-O 13. Nc3 a6 14. Rc1 Bd7 15.
Re1 Ng4 16. g3 Rf7 17. Be3 h6 18. Nh4 Nxe3 19. Rxe3 Bf4 20. Bb1 Bxe3 21. fxe3
g5 22. Ng6 Rf6 23. Ne7+ Kg7 24. Qd3 Nxe7 25. Qh7+ Kf8 26. Qh8+ Kf7 27. Qxa8 Nc8
28. Rc2 Qc4 29. Rf2 Rxf2 30. Kxf2 Qb4 31. Bd3 Qxb2+ 32. Ne2 e5 33. dxe5 Bg4 34.
Qb8 Ne7 35. Qd6 Qxa2 36. Qf6+ Ke8 37. e6 Bxe2 38. Qh8+ Ng8 39. Qxg8+ Ke7 40.
Qf7+ Kd6 41. Bxe2 1-0

[Event "Championnat de Paris Open A"]
[Site "Paris"]
[Date "2010.07.10"]
[Round "8.1"]
[White "Gervasio, Ricardo"]
[Black "Wunderman, Xavier"]
[Result "1/2-1/2"]
[WhiteElo "2292"]
[BlackElo "2173"]
[PlyCount "110"]
[EventDate "2010.??.??"]

1. d4 d5 2. c4 c6 3. Nf3 Nf6 4. g3 dxc4 5. Bg2 Bf5 6. O-O h6 7. Nc3 e6 8. Ne5
Be7 9. Nxc4 O-O 10. a4 a5 11. e4 Bh7 12. Be3 Na6 13. Qe2 Nb4 14. Rfd1 Re8 15.
Rd2 Bf8 16. Qd1 Ra6 17. f3 Nfd5 18. Bf2 Nc7 19. Bf1 Ra8 20. Rc1 Qf6 21. Be3 Qe7
22. Qe1 Red8 23. Qf2 Ne8 24. Rcd1 Nd6 25. Nb6 Rab8 26. b3 g5 27. Bg2 Bg7 28.
Rc1 Qc7 29. Nc4 b5 30. Nxd6 Qxd6 31. axb5 cxb5 32. Bf1 Qd7 33. Qe2 Rdc8 34.
Rdd1 a4 35. Qb2 Bf8 36. Nb1 Rxc1 37. Rxc1 g4 38. bxa4 bxa4 39. Qe2 gxf3 40.
Qxf3 Bg7 41. Qg4 Ra8 42. Rc4 h5 43. Qxh5 a3 44. Nxa3 Nc6 45. Nb5 Bxe4 46. Nc3
Bg6 47. Qf3 Rc8 48. Qd1 Rd8 49. Nb5 Nxd4 50. Rxd4 Bxd4 51. Qxd4 Qe7 52. Qc5
Qxc5 53. Bxc5 Rd1 54. Kf2 Rxf1+ 55. Kxf1 Bd3+ 1/2-1/2

[Event "Championnat de Paris Open A"]
[Site "Paris"]
[Date "2010.07.10"]
[Round "8.2"]
[White "Elishev, Ivan"]
[Black "Duijker, Rick"]
[Result "0-1"]
[WhiteElo "2214"]
[BlackElo "2241"]
[PlyCount "122"]
[EventDate "2010.??.??"]

1. e4 c5 2. Nf3 Nc6 3. d4 cxd4 4. Nxd4 e5 5. Nb5 a6 6. Nd6+ Bxd6 7. Qxd6 Qf6 8.
Qa3 Nge7 9. Nc3 Rb8 10. Be3 b5 11. Nd5 Nxd5 12. exd5 b4 13. Qa4 Ne7 14. O-O-O
O-O 15. d6 Nc6 16. Qb3 a5 17. h4 Ra8 18. g4 a4 19. Qd5 Ra5 20. Qe4 Ba6 21. Bh3
Be2 22. g5 Qf3 23. Qxf3 Bxf3 24. Bxd7 Bxh1 25. Rxh1 Nb8 26. Bf5 b3 27. a3 bxc2
28. Bb6 Rd5 29. Be4 Rxd6 30. Bc5 Rd1+ 31. Rxd1 cxd1=Q+ 32. Kxd1 Rd8+ 33. Ke2
Na6 34. Be3 Rb8 35. Bc1 Nc5 36. Bc2 Nb3 37. Be3 Nd4+ 38. Bxd4 exd4 39. Bxa4
Rxb2+ 40. Kd3 Ra2 41. Kxd4 Rxa3 42. Bd1 Ra1 43. Be2 Ra4+ 44. Bc4 g6 45. f4 Kg7
46. Kd3 Ra3+ 47. Ke4 Rh3 48. Ke5 Rxh4 49. Bd3 Rh3 50. Be4 h6 51. gxh6+ Rxh6 52.
Bf3 Rh8 53. Bc6 Rc8 54. Bd7 Ra8 55. Bc6 Ra6 56. Bd7 Ra3 57. Ke4 f5+ 58. Kd4 Ra7
59. Bc6 Re7 60. Bf3 Kf6 61. Kd3 g5 0-1

[Event "Championnat de Paris Open A"]
[Site "Paris"]
[Date "2010.07.10"]
[Round "8.3"]
[White "Emmenecker, Philippe"]
[Black "Rene, Benoit"]
[Result "1-0"]
[WhiteElo "2169"]
[BlackElo "2299"]
[PlyCount "77"]
[EventDate "2010.??.??"]

1. d4 f5 2. e4 fxe4 3. Nc3 Nf6 4. Bg5 Nc6 5. d5 Ne5 6. Qd4 Nf7 7. Bxf6 exf6 8.
O-O-O Be7 9. Qxe4 Nd6 10. Qe3 O-O 11. Nf3 a6 12. Bd3 b5 13. Rhe1 Rf7 14. h4 Bb7
15. Qf4 g6 16. h5 g5 17. Qd2 g4 18. Nd4 f5 19. f4 Qf8 20. Qf2 b4 21. Nce2 Bxd5
22. Ng3 Bh4 23. Re5 Ne4 24. Bxe4 Bxe4 25. Nde2 d6 26. Ra5 Qd8 27. Qe3 c6 28.
Re5 Qc7 29. Re6 Bd5 30. Rxd5 cxd5 31. Nd4 Bxg3 32. Qxg3 Qc4 33. Nxf5 Rc8 34.
Qxg4+ Kf8 35. Re2 Rd8 36. g3 Qxa2 37. Nh6 Qa1+ 38. Kd2 Rg7 39. Qf5+ 1-0

[Event "Championnat de Paris Open A"]
[Site "Paris"]
[Date "2010.07.10"]
[Round "8.4"]
[White "Hanchour, Baroudi"]
[Black "Laurent, Julien G"]
[Result "1-0"]
[WhiteElo "2159"]
[BlackElo "2291"]
[PlyCount "57"]
[EventDate "2010.??.??"]

1. e4 c5 2. Nf3 d6 3. Nc3 Nf6 4. e5 dxe5 5. Nxe5 Nbd7 6. d4 e6 7. Nc4 cxd4 8.
Qxd4 Bc5 9. Nd6+ Ke7 10. Nxc8+ Rxc8 11. Qh4 Ne5 12. Be2 Ng6 13. Qg3 Bd6 14. Qf3
Qb6 15. O-O Ne5 16. Qh3 h5 17. Qh4 Ng6 18. Qa4 a6 19. h3 Qc5 20. Bd3 Qe5 21. f4
Qc5+ 22. Kh1 Rc7 23. Ne4 Nxe4 24. Qxe4 Nh4 25. f5 Nxf5 26. Rxf5 Qxf5 27. Qh4+
f6 28. Bxf5 exf5 29. Bf4 1-0

[Event "Championnat de Paris Open A"]
[Site "Paris"]
[Date "2010.07.10"]
[Round "8.5"]
[White "Pozdnjakov, Viatcheslav"]
[Black "Debeaune, Robin"]
[Result "1-0"]
[WhiteElo "2208"]
[BlackElo "2115"]
[PlyCount "77"]
[EventDate "2010.??.??"]

1. d4 Nf6 2. Nf3 c5 3. d5 g6 4. Nc3 Bg7 5. e4 O-O 6. Be2 b5 7. e5 Ng4 8. Bf4 b4
9. Ne4 f6 10. exf6 Nxf6 11. Nxc5 Qa5 12. Be3 Na6 13. Nb3 Qxd5 14. Qxd5+ Nxd5
15. Bc4 Nac7 16. O-O-O e6 17. Bd4 Bxd4 18. Rxd4 Nf4 19. Bf1 a5 20. g3 Nfd5 21.
Bg2 Ba6 22. Re1 Bb5 23. Rd2 a4 24. Nbd4 a3 25. Ne5 axb2+ 26. Kxb2 Ra7 27. Nxb5
Nxb5 28. Bxd5 exd5 29. Rxd5 Nc3 30. Rxd7 Rxa2+ 31. Kb3 Rfa8 32. Nc4 Na4 33. Rc7
Nc3 34. Ree7 Ra1 35. Rg7+ Kh8 36. Rxh7+ Kg8 37. Rhg7+ Kh8 38. Ne5 R1a6 39. Rh7+
1-0

[Event "Championnat de Paris Open A"]
[Site "Paris"]
[Date "2010.07.10"]
[Round "8.6"]
[White "Peric, Slavisa"]
[Black "Mircescu, Ovidiu"]
[Result "1/2-1/2"]
[WhiteElo "2215"]
[BlackElo "2123"]
[PlyCount "219"]
[EventDate "2010.??.??"]

1. d4 d5 2. Bf4 c5 3. e3 Nc6 4. c3 Qb6 5. Qb3 c4 6. Qc2 Bf5 7. Qc1 f6 8. Nf3 g5
9. Bg3 h5 10. h4 g4 11. Nfd2 Bh6 12. b3 cxb3 13. axb3 e5 14. Be2 Rc8 15. Qb2
Bf8 16. O-O exd4 17. exd4 Nxd4 18. Bd1 Ne6 19. Bc2 Bxc2 20. Qxc2 Kf7 21. Qd3
Ne7 22. Na3 a6 23. Nc2 Bh6 24. Ne3 Rcd8 25. Rad1 Nf4 26. Bxf4 Bxf4 27. Nf5 Be5
28. Nxe7 Kxe7 29. Rfe1 Kf7 30. Nf1 Qc6 31. Rc1 b5 32. Rc2 a5 33. g3 a4 34. bxa4
bxa4 35. Ne3 Qd7 36. Rd1 d4 37. Nf5 dxc3 38. Qxd7+ Rxd7 39. Rxd7+ Ke6 40. Ra7
Kxf5 41. Rxa4 Rb8 42. Kf1 Rb2 43. Rxb2 cxb2 44. Rb4 Bc3 45. Rb5+ Ke4 46. Ke2
Kd4 47. Kd1 Ke4 48. Rb7 Kd3 49. Rb3 Ke4 50. Kc2 Bd4 51. Ra3 Kd5 52. Ra5+ Ke4
53. Rxh5 Bxf2 54. Rb5 Bxg3 55. h5 Bf4 56. Rxb2 Kf5 57. Kd3 Kg5 58. Rb4 Be5 59.
h6 Kxh6 60. Rxg4 Kh5 61. Rg8 Bf4 62. Ke4 Bg5 63. Kf3 Kh6 64. Kg4 Kh7 65. Rc8
Kg7 66. Ra8 Kg6 67. Kf3 Kf5 68. Ra5+ Kg6 69. Ke4 Bd2 70. Ra2 Bh6 71. Rg2+ Bg5
72. Rg1 Kf7 73. Kf5 Kg7 74. Rb1 Kh7 75. Rb7+ Kh6 76. Re7 Bh4 77. Re8 Kg7 78.
Ke6 Bg5 79. Kf5 Kh6 80. Re4 Kg7 81. Kg4 Kh7 82. Kf5 Kh6 83. Rb4 Kg7 84. Rb5 Kh6
85. Rb7 Bh4 86. Ke6 Kg6 87. Ke7 Kg7 88. Ke8+ Kg6 89. Kf8 Bg5 90. Rg7+ Kf5 91.
Kf7 Ke5 92. Kg6 Ke6 93. Rb7 Kd5 94. Rb8 Ke6 95. Rb6+ Ke5 96. Rb8 Ke4 97. Rb1
Kf4 98. Rb4+ Ke5 99. Rb2 Ke4 100. Rf2 Ke5 101. Re2+ Kf4 102. Re8 Bh4 103. Ra8
Bg5 104. Ra5 Ke4 105. Kf7 Kf4 106. Ke6 Kg4 107. Ra1 Kf4 108. Ra4+ Ke3 109. Kf5
Kd3 110. Kg4 {De nombreux coups illlisibles ou mal notes.} 1/2-1/2

[Event "Championnat de Paris Open A"]
[Site "Paris"]
[Date "2010.07.10"]
[Round "8.7"]
[White "Talbi, Boumedienne"]
[Black "Poelstra, Ben"]
[Result "0-1"]
[WhiteElo "2202"]
[BlackElo "2117"]
[PlyCount "102"]
[EventDate "2010.??.??"]

1. e4 e5 2. Nf3 Nf6 3. Nxe5 d6 4. Nf3 Nxe4 5. Nc3 Nxc3 6. dxc3 Nc6 7. Be3 Be7
8. Qd2 O-O 9. O-O-O Ne5 10. h4 Bg4 11. Be2 Qc8 12. h5 c5 13. Nh2 Bxe2 14. Qxe2
Qe6 15. b3 f5 16. f4 Ng4 17. Nxg4 fxg4 18. Qd3 Rf5 19. c4 Bf8 20. Bd2 Qf7 21.
h6 gxh6 22. g3 d5 23. cxd5 Rxd5 24. Qe2 h5 25. Bc3 Re8 26. Qg2 Rxd1+ 27. Rxd1
Bg7 28. Bxg7 Kxg7 29. Qd2 Qf6 30. Kb1 Qd4 31. Qc1 Qc3 32. f5 Re3 33. Rf1 Kf6
34. Rh1 a5 35. Qf1 a4 36. Qc1 axb3 37. axb3 b6 38. Rf1 b5 39. Rh1 b4 40. Qd1
Qd4 41. Qf1 Rxg3 42. Qa6+ Kg5 43. Qe6 Rg1+ 44. Rxg1 Qxg1+ 45. Ka2 Qd4 46. f6
Qxf6 47. Qe3+ Kh4 48. Qxc5 Qf4 49. Qe7+ Kh3 50. Qxh7 h4 51. Qd3+ g3 0-1

[Event "Championnat de Paris Open A"]
[Site "Paris"]
[Date "2010.07.10"]
[Round "8.8"]
[White "Elkaim, Olivier"]
[Black "Dicko, Henri"]
[Result "0-1"]
[WhiteElo "2100"]
[BlackElo "2191"]
[PlyCount "66"]
[EventDate "2010.??.??"]

1. e4 e5 2. Nf3 Nc6 3. Bb5 a6 4. Ba4 Nf6 5. O-O Be7 6. Qe2 b5 7. Bb3 d6 8. c3
Na5 9. Bc2 c5 10. Rd1 O-O 11. d4 Qc7 12. d5 c4 13. b4 cxb3 14. axb3 Bd7 15. Bd2
Rfb8 16. Rc1 Bd8 17. c4 b4 18. Qe1 Nxc4 19. Bd1 Nxd2 20. Rxc7 Nxf3+ 21. Bxf3
Bxc7 22. Nd2 a5 23. Nc4 a4 24. bxa4 Bxa4 25. Nb2 Bc2 26. Rxa8 Rxa8 27. Qxb4
Ra1+ 28. Nd1 Rb1 29. Qa3 Bxd1 30. Qa8+ Bb8 31. h3 Bxf3+ 32. Kh2 Bxe4 33. Qc6 g6
0-1

[Event "Championnat de Paris Open A"]
[Site "Paris"]
[Date "2010.07.10"]
[Round "8.9"]
[White "Favier, Alain"]
[Black "Aurel, Luc"]
[Result "0-1"]
[WhiteElo "2090"]
[BlackElo "2185"]
[PlyCount "120"]
[EventDate "2010.??.??"]

1. e4 e5 2. Nf3 Nc6 3. d4 exd4 4. Nxd4 g6 5. Nxc6 bxc6 6. Bc4 Bg7 7. O-O Ne7 8.
Nc3 d6 9. Be3 O-O 10. Qd2 Bd7 11. Rad1 Nc8 12. Bb3 Nb6 13. f4 c5 14. Nd5 Bb5
15. Nxb6 axb6 16. c4 Bc6 17. Qc2 Qe7 18. e5 dxe5 19. fxe5 Bxe5 20. Qf2 f5 21.
Bf4 Bxf4 22. Qxf4 Rae8 23. Rf2 Qe5 24. Qd2 Qe3 25. Bc2 Qxd2 26. Rfxd2 Rf7 27.
Rd8 Rxd8 28. Rxd8+ Rf8 29. Rd2 Kf7 30. Kf2 Kf6 31. Bd1 Rf7 32. Bf3 Rd7 33. Re2
Bxf3 34. Kxf3 g5 35. g3 Rd4 36. b3 h5 37. Kf2 f4 38. gxf4 Rxf4+ 39. Kg2 Rd4 40.
Rf2+ Ke6 41. Re2+ Kf5 42. Re7 Rd2+ 43. Kg3 h4+ 44. Kh3 Rxa2 45. Rxc7 Rb2 46.
Rf7+ Kg6 47. Rd7 Kf5 48. Rf7+ Ke4 49. Rf6 Rxb3+ 50. Kg4 Kd4 51. Kxg5 Kxc4 52.
Kxh4 b5 53. Kg4 b4 54. h4 Rb1 55. Rf4+ Kb5 56. Rf8 b3 57. h5 Rh1 58. Kg5 c4 59.
Rb8+ Ka4 60. Rc8 Kb4 0-1

[Event "Championnat de Paris Open A"]
[Site "Paris"]
[Date "2010.07.10"]
[Round "8.10"]
[White "Dionisi, Thomas"]
[Black "Vallobra, Pierre"]
[Result "1-0"]
[WhiteElo "2183"]
[BlackElo "2114"]
[PlyCount "97"]
[EventDate "2010.??.??"]

1. b4 e5 2. Bb2 Bxb4 3. Bxe5 Nf6 4. Nf3 O-O 5. c4 Nc6 6. Bb2 d5 7. cxd5 Nxd5 8.
e3 a6 9. Be2 Bf5 10. O-O Qe7 11. a3 Bd6 12. Re1 Bg6 13. Qb3 Rfd8 14. Nc3 Nb6
15. d4 Na5 16. Qa2 Bc2 17. Nd2 c5 18. Rac1 Bg6 19. d5 Nd7 20. a4 f5 21. Bf1 Nf6
22. g3 b6 23. Bg2 Ng4 24. Nf3 h6 25. Ne2 b5 26. Nf4 Bf7 27. Ne6 Bxe6 28. dxe6
Nc4 29. Nh4 Rab8 30. axb5 axb5 31. Red1 Be5 32. Bxe5 Ngxe5 33. Bd5 Rxd5 34.
Rxd5 Qxe6 35. Rcd1 Kh7 36. Qa7 Re8 37. Qxc5 Rb8 38. f4 Ng4 39. Nxf5 Ncxe3 40.
Nxe3 Qxe3+ 41. Qxe3 Nxe3 42. Rd8 Rb6 43. R1d6 Rb7 44. R8d7 Rb8 45. Re6 Nc4 46.
Ree7 Rg8 47. f5 Nb6 48. Rb7 Nd5 49. Rf7 1-0

[Event "Championnat de Paris Open A"]
[Site "Paris"]
[Date "2010.07.10"]
[Round "8.11"]
[White "Samoun, Florent"]
[Black "Harrison, Marc"]
[Result "1-0"]
[WhiteElo "2160"]
[BlackElo "2100"]
[PlyCount "109"]
[EventDate "2010.??.??"]

1. e4 c5 2. Nc3 d6 3. g3 Nc6 4. Bg2 g6 5. d3 Bg7 6. Be3 Nf6 7. h3 Qb6 8. Rb1
Be6 9. Qd2 Nd4 10. f4 Nd7 11. g4 f5 12. gxf5 gxf5 13. Nd5 Bxd5 14. exd5 Qa6 15.
a3 Qa4 16. c3 Qc2 17. Rd1 Qxd2+ 18. Kxd2 Nb5 19. Nf3 h6 20. Nh4 Rf8 21. Bf3
O-O-O 22. Rde1 Bf6 23. Bf2 Nc7 24. Kc2 Bxh4 25. Bxh4 Nf6 26. Bxf6 exf6 27. Rhg1
Rg8 28. c4 Kd7 29. Bh5 Rdf8 30. Bg6 Kd8 31. Bxf5 b6 32. Bg6 Rg7 33. f5 a5 34.
Rg4 Re7 35. Rge4 Rxe4 36. Rxe4 Rh8 37. Kc3 Rf8 38. Kd2 Rh8 39. Ke2 Rf8 40. Kf3
Rh8 41. Kg4 Kd7 42. Kh5 Kd8 43. Bf7 Kd7 44. Kg6 b5 45. Kxf6 Rb8 46. Re7+ Kd8
47. Re2 bxc4 48. dxc4 Rb3 49. h4 Rg3 50. Re4 a4 51. Bg6 Rg2 52. Kg7 Na6 53. f6
Nb8 54. Re8+ Kc7 55. Rxb8 1-0